[Event "Campeonato de España Blitz 2017"]
[Site "Linares"]
[Date "2017.08.12"]
[Round "4"]
[White "Suarez Gomez, Julio"]
[Black "Martinez Duany, Lelys Stanley"]
[Result "1-0"]
[Board "12"]
[WhiteTitle "FM"]
[WhiteElo "2305"]
[WhiteCountry "ESP"]
[WhiteFideId "22275991"]
[WhiteEloChange "14"]
[BlackTitle "GM"]
[BlackElo "2449"]
[BlackCountry "CUB"]
[BlackFideId "3504727"]
[BlackEloChange "-7"]

1. d4 {[%clk 0:03:03]} Nf6 {[%clk 0:03:01]} 2. c4 {[%clk 0:03:01]} g6 {[%clk
0:02:59]} 3. Nf3 {[%clk 0:02:53]} Bg7 {[%clk 0:03:00]} 4. e3 {[%clk 0:02:54]} O-O
{[%clk 0:03:00]} 5. Be2 {[%clk 0:02:55]} b6 {[%clk 0:02:56]} 6. O-O {[%clk
0:02:50]} Bb7 {[%clk 0:02:57]} 7. Nc3 {[%clk 0:02:51]} d6 {[%clk 0:02:57]} 8. Qc2
{[%clk 0:02:49]} e6 {[%clk 0:02:57]} 9. e4 {[%clk 0:02:42]} e5 {[%clk 0:02:50]}
10. d5 {[%clk 0:02:42]} h6 {[%clk 0:02:41]} 11. Ne1 {[%clk 0:02:42]} Nfd7 {[%clk
0:02:38]} 12. Be3 {[%clk 0:02:42]} f5 {[%clk 0:02:35]} 13. f3 {[%clk 0:02:42]} a5
{[%clk 0:02:35]} 14. Nd3 {[%clk 0:02:41]} Na6 {[%clk 0:02:36]} 15. a3 {[%clk
0:02:40]} Ndc5 {[%clk 0:02:23]} 16. Rfb1 {[%clk 0:02:30]} Nxd3 {[%clk 0:02:19]}
17. Bxd3 {[%clk 0:02:31]} Bc8 {[%clk 0:02:01]} 18. Na4 {[%clk 0:02:15]} Nc5
{[%clk 0:01:55]} 19. Nxc5 {[%clk 0:02:14]} bxc5 {[%clk 0:01:55]} 20. b4 {[%clk
0:02:09]} axb4 {[%clk 0:01:54]} 21. axb4 {[%clk 0:02:10]} Rxa1 {[%clk 0:01:54]}
22. Rxa1 {[%clk 0:02:11]} cxb4 {[%clk 0:01:55]} 23. Qb3 {[%clk 0:01:51]} fxe4
{[%clk 0:01:38]} 24. fxe4 {[%clk 0:01:50]} Kh7 {[%clk 0:01:36]} 25. Qxb4 {[%clk
0:01:50]} Bf6 {[%clk 0:01:34]} 26. c5 {[%clk 0:01:36]} Bg5 {[%clk 0:01:31]} 27.
Bf2 {[%clk 0:01:28]} Rxf2 {[%clk 0:00:51]} 28. Kxf2 {[%clk 0:01:28]} Qf6+ {[%clk
0:00:52]} 29. Kg1 {[%clk 0:01:29]} Be3+ {[%clk 0:00:53]} 30. Kh1 {[%clk 0:01:30]}
Qh4 {[%clk 0:00:37]} 31. Qb8 {[%clk 0:01:18]} h5 {[%clk 0:00:15]} 32. Qxc7+
{[%clk 0:01:18]} Kh6 {[%clk 0:00:16]} 33. Qxc8 {[%clk 0:01:19]} Bf4 {[%clk
0:00:16]} 34. Qh8+ {[%clk 0:01:20]} Kg5 {[%clk 0:00:16]} 35. Qd8+ {[%clk
0:01:21]} 1-0

[Event "Campeonato de España Blitz 2017"]
[Site "Linares"]
[Date "2017.08.12"]
[Round "5"]
[White "Anton Guijarro, David"]
[Black "Forcen Esteban, Daniel"]
[Result "1/2-1/2"]
[Board "1"]
[WhiteTitle "GM"]
[WhiteElo "2620"]
[WhiteCountry "ESP"]
[WhiteFideId "2285525"]
[WhiteEloChange "-1"]
[BlackTitle "GM"]
[BlackElo "2515"]
[BlackCountry "ESP"]
[BlackFideId "2288230"]
[BlackEloChange "1"]

1. Nf3 {[%clk 0:03:03]} d5 {[%clk 0:02:56]} 2. b3 {[%clk 0:03:03]} c5 {[%clk
0:02:56]} 3. e3 {[%clk 0:03:04]} Nc6 {[%clk 0:02:51]} 4. Bb5 {[%clk 0:02:58]} Bd7
{[%clk 0:02:49]} 5. Bb2 {[%clk 0:02:59]} e6 {[%clk 0:02:48]} 6. O-O {[%clk
0:02:57]} Nf6 {[%clk 0:02:49]} 7. d3 {[%clk 0:02:56]} Be7 {[%clk 0:02:46]} 8.
Nbd2 {[%clk 0:02:51]} O-O {[%clk 0:02:41]} 9. Bxc6 {[%clk 0:02:44]} Bxc6 {[%clk
0:02:42]} 10. Ne5 {[%clk 0:02:45]} Be8 {[%clk 0:02:31]} 11. f4 {[%clk 0:02:42]}
Nd7 {[%clk 0:02:29]} 12. Qg4 {[%clk 0:02:26]} Nxe5 {[%clk 0:02:05]} 13. Bxe5
{[%clk 0:02:18]} f6 {[%clk 0:01:57]} 14. Bb2 {[%clk 0:02:19]} Qd7 {[%clk
0:01:24]} 15. a4 {[%clk 0:02:11]} Bd6 {[%clk 0:01:25]} 16. Qf3 {[%clk 0:02:07]}
Qc7 {[%clk 0:01:09]} 17. e4 {[%clk 0:02:00]} Bc6 {[%clk 0:01:08]} 18. Qg3 {[%clk
0:01:50]} d4 {[%clk 0:00:49]} 19. Nc4 {[%clk 0:01:47]} Be7 {[%clk 0:00:46]} 20.
Rae1 {[%clk 0:01:27]} b6 {[%clk 0:00:47]} 21. Qh3 {[%clk 0:01:19]} Bd7 {[%clk
0:00:48]} 22. f5 {[%clk 0:01:04]} exf5 {[%clk 0:00:36]} 23. exf5 {[%clk 0:01:04]}
Bd6 {[%clk 0:00:37]} 24. Nxd6 {[%clk 0:00:32]} Qxd6 {[%clk 0:00:38]} 25. Qf3
{[%clk 0:00:28]} Rae8 {[%clk 0:00:34]} 26. Bc1 {[%clk 0:00:29]} Bc6 {[%clk
0:00:34]} 27. Qf2 {[%clk 0:00:27]} Qd5 {[%clk 0:00:33]} 28. h3 {[%clk 0:00:28]}
a6 {[%clk 0:00:19]} 29. Bd2 {[%clk 0:00:28]} b5 {[%clk 0:00:20]} 30. axb5 {[%clk
0:00:28]} axb5 {[%clk 0:00:21]} 31. Kh2 {[%clk 0:00:22]} Re5 {[%clk 0:00:19]} 32.
Rxe5 {[%clk 0:00:17]} Qxe5+ {[%clk 0:00:20]} 33. Kg1 {[%clk 0:00:15]} Re8 {[%clk
0:00:18]} 34. Re1 {[%clk 0:00:15]} Qd5 {[%clk 0:00:20]} 35. Rxe8+ {[%clk
0:00:14]} 1/2-1/2

[Event "Campeonato de España Blitz 2017"]
[Site "Linares"]
[Date "2017.08.12"]
[Round "5"]
[White "Alonso Rosell, Alvar"]
[Black "Arizmendi Martinez, Julen Luis"]
[Result "1-0"]
[Board "2"]
[WhiteTitle "GM"]
[WhiteElo "2575"]
[WhiteCountry "ESP"]
[WhiteFideId "2270544"]
[WhiteEloChange "4"]
[BlackTitle "GM"]
[BlackElo "2514"]
[BlackCountry "ESP"]
[BlackFideId "2205092"]
[BlackEloChange "-4"]

1. d4 {[%clk 0:03:01]} Nf6 {[%clk 0:03:03]} 2. Nf3 {[%clk 0:03:02]} d5 {[%clk
0:03:04]} 3. c4 {[%clk 0:03:02]} e6 {[%clk 0:03:04]} 4. g3 {[%clk 0:03:02]} Bb4+
{[%clk 0:03:04]} 5. Bd2 {[%clk 0:03:02]} Bd6 {[%clk 0:02:59]} 6. Nc3 {[%clk
0:02:46]} O-O {[%clk 0:02:59]} 7. Bg2 {[%clk 0:02:41]} Nbd7 {[%clk 0:02:46]} 8.
b3 {[%clk 0:02:38]} c6 {[%clk 0:02:43]} 9. O-O {[%clk 0:02:19]} b6 {[%clk
0:02:38]} 10. Qc2 {[%clk 0:01:53]} Ba6 {[%clk 0:02:28]} 11. e4 {[%clk 0:01:50]}
Be7 {[%clk 0:02:26]} 12. e5 {[%clk 0:01:31]} Ne8 {[%clk 0:02:26]} 13. Rfe1 {[%clk
0:01:26]} Nc7 {[%clk 0:02:03]} 14. Ne2 {[%clk 0:01:19]} c5 {[%clk 0:01:52]} 15.
Nf4 {[%clk 0:01:18]} Bb7 {[%clk 0:01:41]} 16. Rad1 {[%clk 0:01:05]} Qc8 {[%clk
0:01:30]} 17. dxc5 {[%clk 0:00:49]} bxc5 {[%clk 0:01:08]} 18. h4 {[%clk 0:00:47]}
h6 {[%clk 0:00:47]} 19. Ba5 {[%clk 0:00:31]} Nb6 {[%clk 0:00:45]} 20. Nd2 {[%clk
0:00:22]} Bc6 {[%clk 0:00:21]} 21. Bh3 {[%clk 0:00:22]} Qb7 {[%clk 0:00:20]} 22.
cxd5 {[%clk 0:00:17]} Ncxd5 {[%clk 0:00:15]} 23. Nxd5 {[%clk 0:00:18]} Nxd5
{[%clk 0:00:12]} 24. Ne4 {[%clk 0:00:18]} Nb4 {[%clk 0:00:08]} 25. Bxb4 {[%clk
0:00:19]} cxb4 {[%clk 0:00:09]} 26. Nd6 {[%clk 0:00:19]} Qb6 {[%clk 0:00:08]} 27.
Nxf7 {[%clk 0:00:11]} Rxf7 {[%clk 0:00:05]} 28. Bxe6 {[%clk 0:00:12]} Rf8 {[%clk
0:00:06]} 29. Rd2 {[%clk 0:00:07]} Bc5 {[%clk 0:00:04]} 30. Rc1 {[%clk 0:00:06]}
Be3 {[%clk 0:00:03]} 31. fxe3 {[%clk 0:00:03]} Qxe3+ {[%clk 0:00:04]} 1-0

[Event "Campeonato de España Blitz 2017"]
[Site "Linares"]
[Date "2017.08.12"]
[Round "5"]
[White "Santos Latasa, Jaime"]
[Black "Lopez Martinez, Josep Manuel"]
[Result "1-0"]
[Board "3"]
[WhiteTitle "IM"]
[WhiteElo "2478"]
[WhiteCountry "ESP"]
[WhiteFideId "2293307"]
[WhiteEloChange "6"]
[BlackTitle "GM"]
[BlackElo "2529"]
[BlackCountry "ESP"]
[BlackFideId "2212943"]
[BlackEloChange "-6"]

1. d4 {[%clk 0:03:02]} d5 {[%clk 0:03:03]} 2. c4 {[%clk 0:03:03]} e6 {[%clk
0:03:03]} 3. Nc3 {[%clk 0:03:02]} Nf6 {[%clk 0:03:02]} 4. Bg5 {[%clk 0:02:58]}
Be7 {[%clk 0:02:42]} 5. e3 {[%clk 0:02:59]} Nbd7 {[%clk 0:02:43]} 6. Nf3 {[%clk
0:02:46]} h6 {[%clk 0:02:39]} 7. Bh4 {[%clk 0:02:45]} O-O {[%clk 0:02:29]} 8. Rc1
{[%clk 0:02:45]} c5 {[%clk 0:02:16]} 9. dxc5 {[%clk 0:02:14]} Nxc5 {[%clk
0:01:31]} 10. cxd5 {[%clk 0:02:16]} exd5 {[%clk 0:01:05]} 11. Bxf6 {[%clk
0:01:57]} Bxf6 {[%clk 0:01:05]} 12. Nxd5 {[%clk 0:01:56]} Ne4 {[%clk 0:01:00]}
13. Nxf6+ {[%clk 0:01:47]} Qxf6 {[%clk 0:00:59]} 14. Qd4 {[%clk 0:01:48]} Bf5
{[%clk 0:00:46]} 15. Qxf6 {[%clk 0:01:46]} Nxf6 {[%clk 0:00:46]} 16. Nd4 {[%clk
0:01:47]} Bd7 {[%clk 0:00:30]} 17. Bd3 {[%clk 0:01:46]} Rfc8 {[%clk 0:00:26]} 18.
Kd2 {[%clk 0:01:44]} Kf8 {[%clk 0:00:25]} 19. f3 {[%clk 0:01:42]} Ke7 {[%clk
0:00:17]} 20. Rxc8 {[%clk 0:01:39]} Rxc8 {[%clk 0:00:17]} 21. Rc1 {[%clk
0:01:40]} Rxc1 {[%clk 0:00:15]} 22. Kxc1 {[%clk 0:01:41]} Kd6 {[%clk 0:00:14]}
23. Kd2 {[%clk 0:01:39]} g6 {[%clk 0:00:14]} 24. Bc4 {[%clk 0:01:24]} Be8 {[%clk
0:00:10]} 25. a3 {[%clk 0:01:16]} a6 {[%clk 0:00:11]} 26. Bb3 {[%clk 0:01:15]}
Nd7 {[%clk 0:00:10]} 27. e4 {[%clk 0:01:12]} Nc5 {[%clk 0:00:10]} 28. Ba2 {[%clk
0:01:07]} Na4 {[%clk 0:00:10]} 29. b4 {[%clk 0:01:06]} b5 {[%clk 0:00:08]} 30. f4
{[%clk 0:01:03]} Nb6 {[%clk 0:00:06]} 31. e5+ {[%clk 0:01:03]} Ke7 {[%clk
0:00:06]} 32. g3 {[%clk 0:01:01]} h5 {[%clk 0:00:06]} 33. Kc3 {[%clk 0:01:02]}
Na4+ {[%clk 0:00:06]} 34. Kd3 {[%clk 0:00:59]} Nb6 {[%clk 0:00:06]} 35. Bb3
{[%clk 0:01:00]} Bd7 {[%clk 0:00:07]} 36. Kc3 {[%clk 0:00:58]} Ke8 {[%clk
0:00:06]} 37. Bd1 {[%clk 0:00:56]} Ke7 {[%clk 0:00:05]} 38. Bf3 {[%clk 0:00:56]}
Na4+ {[%clk 0:00:04]} 39. Kb3 {[%clk 0:00:55]} Nb6 {[%clk 0:00:04]} 40. Bb7
{[%clk 0:00:55]} Nc4 {[%clk 0:00:04]} 41. a4 {[%clk 0:00:55]} Nd2+ {[%clk
0:00:04]} 42. Kc3 {[%clk 0:00:55]} Bc8 {[%clk 0:00:04]} 1-0

[Event "Campeonato de España Blitz 2017"]
[Site "Linares"]
[Date "2017.08.12"]
[Round "5"]
[White "Larino Nieto, David"]
[Black "Valles Moreno, Ivan"]
[Result "0-1"]
[Board "5"]
[WhiteTitle "GM"]
[WhiteElo "2595"]
[WhiteCountry "ESP"]
[WhiteFideId "2256444"]
[WhiteEloChange "-7"]
[BlackTitle "IM"]
[BlackElo "2437"]
[BlackCountry "ESP"]
[BlackFideId "2205688"]
[BlackEloChange "7"]

1. e3 {[%clk 0:03:02]} d5 {[%clk 0:03:00]} 2. b3 {[%clk 0:03:00]} a6 {[%clk
0:03:02]} 3. Bb2 {[%clk 0:03:01]} c5 {[%clk 0:03:03]} 4. f4 {[%clk 0:02:55]} Nc6
{[%clk 0:03:03]} 5. Nf3 {[%clk 0:02:55]} d4 {[%clk 0:03:01]} 6. Bd3 {[%clk
0:02:51]} Nf6 {[%clk 0:02:47]} 7. O-O {[%clk 0:02:50]} g6 {[%clk 0:02:48]} 8. Qe2
{[%clk 0:02:48]} Bg7 {[%clk 0:02:48]} 9. Ne5 {[%clk 0:02:45]} Nb4 {[%clk
0:02:35]} 10. exd4 {[%clk 0:02:38]} cxd4 {[%clk 0:02:31]} 11. a3 {[%clk 0:02:26]}
Nxd3 {[%clk 0:02:26]} 12. Qxd3 {[%clk 0:02:26]} Bf5 {[%clk 0:02:22]} 13. Qc4
{[%clk 0:02:27]} O-O {[%clk 0:02:22]} 14. d3 {[%clk 0:02:28]} Rc8 {[%clk
0:02:22]} 15. Qxd4 {[%clk 0:02:29]} Rxc2 {[%clk 0:02:16]} 16. Rf2 {[%clk
0:02:18]} Qxd4 {[%clk 0:02:14]} 17. Bxd4 {[%clk 0:02:17]} Rxf2 {[%clk 0:02:06]}
18. Kxf2 {[%clk 0:02:17]} Ng4+ {[%clk 0:02:07]} 19. Ke2 {[%clk 0:02:18]} Rd8
{[%clk 0:02:00]} 20. Bb6 {[%clk 0:01:58]} Nxe5 {[%clk 0:01:43]} 21. Bxd8 {[%clk
0:01:48]} Nxd3 {[%clk 0:01:44]} 22. Nc3 {[%clk 0:01:31]} Bxc3 {[%clk 0:01:44]}
23. Rd1 {[%clk 0:01:32]} Nxf4+ {[%clk 0:01:40]} 24. Kf3 {[%clk 0:01:32]} Ne6
{[%clk 0:01:29]} 25. Bxe7 {[%clk 0:01:32]} h5 {[%clk 0:01:29]} 26. h3 {[%clk
0:01:33]} Be5 {[%clk 0:01:22]} 27. g4 {[%clk 0:01:29]} hxg4+ {[%clk 0:01:20]} 28.
hxg4 {[%clk 0:01:30]} Bc2 {[%clk 0:01:20]} 29. Re1 {[%clk 0:01:19]} Bc3 {[%clk
0:01:11]} 30. Rc1 {[%clk 0:01:15]} Bb2 {[%clk 0:01:12]} 31. Re1 {[%clk 0:00:58]}
Bxb3 {[%clk 0:01:11]} 32. Ke4 {[%clk 0:00:59]} Bc2+ {[%clk 0:01:08]} 33. Kd5
{[%clk 0:00:59]} Bb3+ {[%clk 0:01:03]} 34. Ke4 {[%clk 0:00:59]} Bc3 {[%clk
0:00:53]} 35. Rc1 {[%clk 0:00:56]} Bb2 {[%clk 0:00:39]} 36. Rc8+ {[%clk 0:00:56]}
Kg7 {[%clk 0:00:40]} 37. Rb8 {[%clk 0:00:57]} Ba4 {[%clk 0:00:42]} 38. Kd3 {[%clk
0:00:54]} Bc6 {[%clk 0:00:42]} 39. g5 {[%clk 0:00:54]} f6 {[%clk 0:00:39]} 40.
gxf6+ {[%clk 0:00:50]} Bxf6 {[%clk 0:00:41]} 41. Bd6 {[%clk 0:00:51]} g5 {[%clk
0:00:41]} 42. Ke2 {[%clk 0:00:41]} Kg6 {[%clk 0:00:43]} 43. Rg8+ {[%clk 0:00:41]}
Kf5 {[%clk 0:00:43]} 44. Bb8 {[%clk 0:00:42]} g4 {[%clk 0:00:44]} 45. Kf1 {[%clk
0:00:42]} Be5 {[%clk 0:00:44]} 46. Ba7 {[%clk 0:00:40]} Bf3 {[%clk 0:00:43]} 47.
Re8 {[%clk 0:00:38]} Nf4 {[%clk 0:00:41]} 48. Rf8+ {[%clk 0:00:38]} Ke4 {[%clk
0:00:39]} 49. Re8 {[%clk 0:00:39]} Be2+ {[%clk 0:00:36]} 50. Kf2 {[%clk 0:00:40]}
Bb5 {[%clk 0:00:35]} 51. Re7 {[%clk 0:00:40]} g3+ {[%clk 0:00:35]} 52. Kg1 {[%clk
0:00:38]} Ne2+ {[%clk 0:00:33]} 53. Kg2 {[%clk 0:00:38]} Nf4+ {[%clk 0:00:34]}
54. Kg1 {[%clk 0:00:39]} Kf5 {[%clk 0:00:35]} 55. Rxb7 {[%clk 0:00:31]} Nh3+
{[%clk 0:00:36]} 56. Kg2 {[%clk 0:00:31]} Bc6+ {[%clk 0:00:37]} 57. Kxh3 {[%clk
0:00:31]} Bxb7 {[%clk 0:00:37]} 58. a4 {[%clk 0:00:33]} Ke4 {[%clk 0:00:37]} 59.
a5 {[%clk 0:00:34]} Kf3 {[%clk 0:00:39]} 60. Bb6 {[%clk 0:00:33]} Bc8+ {[%clk
0:00:40]} 61. Kh4 {[%clk 0:00:33]} g2 {[%clk 0:00:41]} 62. Kh5 {[%clk 0:00:33]}
Bg3 {[%clk 0:00:42]} 63. Kh6 {[%clk 0:00:33]} Bf2 {[%clk 0:00:44]} 64. Bc7 {[%clk
0:00:35]} g1Q {[%clk 0:00:42]} 65. Be5 {[%clk 0:00:35]} Be3+ {[%clk 0:00:42]} 66.
Kh7 {[%clk 0:00:36]} Bf5+ {[%clk 0:00:43]} 67. Kh8 {[%clk 0:00:37]} Qg6 {[%clk
0:00:44]} 68. Bf4 {[%clk 0:00:36]} Qh7# {[%clk 0:00:44]} 0-1

[Event "Campeonato de España Blitz 2017"]
[Site "Linares"]
[Date "2017.08.12"]
[Round "5"]
[White "Cifuentes Parada, Roberto"]
[Black "Narciso Dublan, Marc"]
[Result "1-0"]
[Board "6"]
[WhiteTitle "GM"]
[WhiteElo "2477"]
[WhiteCountry "ESP"]
[WhiteFideId "2253488"]
[WhiteEloChange "6"]
[BlackTitle "GM"]
[BlackElo "2582"]
[BlackCountry "ESP"]
[BlackFideId "2201500"]
[BlackEloChange "-6"]

1. d4 {[%clk 0:03:03]} e6 {[%clk 0:03:04]} 2. Nf3 {[%clk 0:03:04]} f5 {[%clk
0:03:05]} 3. d5 {[%clk 0:03:05]} exd5 {[%clk 0:03:06]} 4. Qxd5 {[%clk 0:03:06]}
d6 {[%clk 0:03:08]} 5. Ng5 {[%clk 0:03:05]} Qe7 {[%clk 0:03:08]} 6. Nxh7 {[%clk
0:02:57]} c6 {[%clk 0:03:07]} 7. Qb3 {[%clk 0:02:58]} Rxh7 {[%clk 0:03:06]} 8.
Qxg8 {[%clk 0:02:58]} Rh5 {[%clk 0:03:05]} 9. Qb3 {[%clk 0:02:59]} Na6 {[%clk
0:02:59]} 10. Be3 {[%clk 0:02:57]} Be6 {[%clk 0:02:52]} 11. Qa4 {[%clk 0:02:50]}
g5 {[%clk 0:02:31]} 12. Nd2 {[%clk 0:02:43]} Bg7 {[%clk 0:02:25]} 13. Bd4 {[%clk
0:02:32]} Nc5 {[%clk 0:02:24]} 14. Bxc5 {[%clk 0:02:24]} dxc5 {[%clk 0:02:25]}
15. O-O-O {[%clk 0:02:21]} a5 {[%clk 0:02:02]} 16. e3 {[%clk 0:02:09]} b5 {[%clk
0:02:03]} 17. Qa3 {[%clk 0:02:09]} a4 {[%clk 0:01:57]} 18. Be2 {[%clk 0:01:57]}
Rh6 {[%clk 0:01:42]} 19. Bf3 {[%clk 0:01:54]} Bg8 {[%clk 0:01:23]} 20. h3 {[%clk
0:01:48]} Rd6 {[%clk 0:00:56]} 21. Qxc5 {[%clk 0:01:29]} Qe6 {[%clk 0:00:40]} 22.
Nc4 {[%clk 0:01:19]} Rxd1+ {[%clk 0:00:21]} 23. Rxd1 {[%clk 0:01:20]} Qxc4 {[%clk
0:00:13]} 24. Bxc6+ {[%clk 0:01:20]} Kf7 {[%clk 0:00:11]} 25. Bd5+ {[%clk
0:01:21]} Kg6 {[%clk 0:00:13]} 26. Bxc4 {[%clk 0:01:21]} Bxc4 {[%clk 0:00:14]}
27. Qc6+ {[%clk 0:01:22]} 1-0

[Event "Campeonato de España Blitz 2017"]
[Site "Linares"]
[Date "2017.08.12"]
[Round "5"]
[White "Korneev, Oleg"]
[Black "Suarez Gomez, Julio"]
[Result "1-0"]
[Board "7"]
[WhiteTitle "GM"]
[WhiteElo "2578"]
[WhiteCountry "ESP"]
[WhiteFideId "4156803"]
[WhiteEloChange "2"]
[BlackTitle "FM"]
[BlackElo "2305"]
[BlackCountry "ESP"]
[BlackFideId "22275991"]
[BlackEloChange "-3"]

1. e4 {[%clk 0:03:04]} e5 {[%clk 0:03:02]} 2. Nf3 {[%clk 0:03:05]} Nc6 {[%clk
0:03:03]} 3. Bc4 {[%clk 0:03:06]} Bc5 {[%clk 0:02:59]} 4. O-O {[%clk 0:03:07]}
Nf6 {[%clk 0:02:59]} 5. d3 {[%clk 0:03:08]} a6 {[%clk 0:02:55]} 6. c3 {[%clk
0:03:02]} Ba7 {[%clk 0:02:43]} 7. Nbd2 {[%clk 0:03:02]} d6 {[%clk 0:02:38]} 8.
Bb3 {[%clk 0:03:03]} O-O {[%clk 0:02:38]} 9. h3 {[%clk 0:03:04]} h6 {[%clk
0:02:38]} 10. Re1 {[%clk 0:03:05]} Nh5 {[%clk 0:02:35]} 11. Nf1 {[%clk 0:03:03]}
Qf6 {[%clk 0:02:36]} 12. Be3 {[%clk 0:03:02]} Be6 {[%clk 0:02:27]} 13. d4 {[%clk
0:02:59]} Ne7 {[%clk 0:02:00]} 14. Bc2 {[%clk 0:02:33]} Ng6 {[%clk 0:01:49]} 15.
N1h2 {[%clk 0:02:02]} Ngf4 {[%clk 0:01:39]} 16. dxe5 {[%clk 0:01:40]} Qg6 {[%clk
0:01:22]} 17. Nh4 {[%clk 0:01:06]} Qg5 {[%clk 0:01:23]} 18. N2f3 {[%clk 0:01:05]}
Nxh3+ {[%clk 0:01:18]} 19. Kf1 {[%clk 0:00:37]} N3f4 {[%clk 0:01:17]} 20. Bxa7
{[%clk 0:00:34]} Rxa7 {[%clk 0:01:06]} 21. Nxg5 {[%clk 0:00:35]} 1-0

[Event "Campeonato de España Blitz 2017"]
[Site "Linares"]
[Date "2017.08.12"]
[Round "5"]
[White "Almagro Llamas, Pablo"]
[Black "Vazquez Igarza, Renier"]
[Result "0-1"]
[Board "8"]
[WhiteTitle "IM"]
[WhiteElo "2417"]
[WhiteCountry "ESP"]
[WhiteFideId "2221799"]
[WhiteEloChange "-3"]
[BlackTitle "GM"]
[BlackElo "2577"]
[BlackCountry "ESP"]
[BlackFideId "3503054"]
[BlackEloChange "3"]

1. d4 {[%clk 0:03:02]} Nf6 {[%clk 0:03:03]} 2. Nf3 {[%clk 0:03:01]} d5 {[%clk
0:03:04]} 3. c4 {[%clk 0:03:00]} c6 {[%clk 0:03:05]} 4. e3 {[%clk 0:03:01]} Bf5
{[%clk 0:03:05]} 5. Nc3 {[%clk 0:03:01]} e6 {[%clk 0:03:05]} 6. Bd3 {[%clk
0:03:01]} Bg4 {[%clk 0:02:58]} 7. Qb3 {[%clk 0:02:48]} Qb6 {[%clk 0:02:59]} 8.
Ne5 {[%clk 0:02:42]} Bh5 {[%clk 0:03:00]} 9. Bd2 {[%clk 0:02:35]} Nbd7 {[%clk
0:02:57]} 10. Nxd7 {[%clk 0:02:29]} Nxd7 {[%clk 0:02:57]} 11. O-O {[%clk
0:02:24]} Be7 {[%clk 0:02:49]} 12. Qc2 {[%clk 0:02:04]} Bg6 {[%clk 0:02:47]} 13.
cxd5 {[%clk 0:01:56]} exd5 {[%clk 0:02:30]} 14. Rfe1 {[%clk 0:01:46]} O-O {[%clk
0:02:23]} 15. Bxg6 {[%clk 0:01:37]} hxg6 {[%clk 0:02:24]} 16. a3 {[%clk 0:01:07]}
Bd6 {[%clk 0:02:11]} 17. Rad1 {[%clk 0:01:05]} Nf6 {[%clk 0:02:09]} 18. h3 {[%clk
0:01:02]} Rfe8 {[%clk 0:02:08]} 19. Bc1 {[%clk 0:00:51]} a5 {[%clk 0:02:06]} 20.
e4 {[%clk 0:00:47]} dxe4 {[%clk 0:02:05]} 21. Nxe4 {[%clk 0:00:48]} Nxe4 {[%clk
0:01:47]} 22. Rxe4 {[%clk 0:00:49]} Rxe4 {[%clk 0:01:46]} 23. Qxe4 {[%clk
0:00:50]} Qb3 {[%clk 0:01:47]} 24. Qd3 {[%clk 0:00:47]} Qxd3 {[%clk 0:01:41]} 25.
Rxd3 {[%clk 0:00:48]} a4 {[%clk 0:01:35]} 26. d5 {[%clk 0:00:40]} c5 {[%clk
0:00:57]} 27. Kf1 {[%clk 0:00:40]} f6 {[%clk 0:00:52]} 28. b3 {[%clk 0:00:35]} b5
{[%clk 0:00:29]} 29. bxa4 {[%clk 0:00:33]} Rxa4 {[%clk 0:00:27]} 30. Rb3 {[%clk
0:00:14]} b4 {[%clk 0:00:28]} 31. axb4 {[%clk 0:00:09]} Ra1 {[%clk 0:00:23]} 32.
Rc3 {[%clk 0:00:05]} Bf4 {[%clk 0:00:18]} 33. bxc5 {[%clk 0:00:04]} Rxc1+ {[%clk
0:00:15]} 34. Rxc1 {[%clk 0:00:05]} Bxc1 {[%clk 0:00:17]} 35. Ke2 {[%clk
0:00:06]} Ba3 {[%clk 0:00:17]} 36. c6 {[%clk 0:00:06]} Bd6 {[%clk 0:00:17]} 37.
Kd3 {[%clk 0:00:07]} Kf7 {[%clk 0:00:19]} 38. Kc4 {[%clk 0:00:08]} Ke7 {[%clk
0:00:13]} 39. Kb5 {[%clk 0:00:09]} Bc7 {[%clk 0:00:11]} 40. Kc5 {[%clk 0:00:10]}
f5 {[%clk 0:00:09]} 41. g4 {[%clk 0:00:10]} f4 {[%clk 0:00:08]} 42. f3 {[%clk
0:00:11]} g5 {[%clk 0:00:09]} 43. Kc4 {[%clk 0:00:08]} Kd6 {[%clk 0:00:09]} 44.
Kd4 {[%clk 0:00:09]} Bb6+ {[%clk 0:00:09]} 45. Kc4 {[%clk 0:00:09]} Bd8 {[%clk
0:00:09]} 46. Kd4 {[%clk 0:00:10]} g6 {[%clk 0:00:10]} 47. Kc4 {[%clk 0:00:08]}
Bb6 {[%clk 0:00:07]} 48. Kb5 {[%clk 0:00:07]} Bc7 {[%clk 0:00:05]} 49. Kc4 {[%clk
0:00:08]} Bb8 {[%clk 0:00:03]} 50. Kd4 {[%clk 0:00:09]} Ba7+ {[%clk 0:00:04]} 51.
Kc4 {[%clk 0:00:11]} Bb6 {[%clk 0:00:06]} 52. Kb5 {[%clk 0:00:12]} Bd8 {[%clk
0:00:07]} 53. Kc4 {[%clk 0:00:13]} Kc7 {[%clk 0:00:07]} 54. Kc5 {[%clk 0:00:14]}
Be7+ {[%clk 0:00:09]} 55. Kc4 {[%clk 0:00:15]} Bd6 {[%clk 0:00:08]} 56. Kb5
{[%clk 0:00:16]} Be7 {[%clk 0:00:09]} 57. Kc4 {[%clk 0:00:17]} Kb6 {[%clk
0:00:11]} 58. Kd4 {[%clk 0:00:18]} Bd6 {[%clk 0:00:12]} 59. Kc4 {[%clk 0:00:19]}
Ka6 {[%clk 0:00:12]} 60. Kd4 {[%clk 0:00:15]} Kb5 {[%clk 0:00:14]} 61. Kd3 {[%clk
0:00:15]} Kc5 {[%clk 0:00:15]} 62. Ke4 {[%clk 0:00:16]} 0-1